| 000 | 00551nam a2200157Ia 4500 | ||
|---|---|---|---|
| 008 | 170221s9999 xx 000 0 und d | ||
| 100 | _aMagdalene Agbor Igbolo | ||
| 245 | _aSocio-cultural Factors and Practices Affecting the Girl Child among the Annang People of Akwa Ibom State | ||
| 245 | _cMagdalene Agbor Igbolo, Frances Umari Ejue | ||
| 260 | _bStudies in Media and Communication | ||
| 260 | _c2014 | ||
| 300 | _a16 : | ||
| 650 | _xCommunication | ||
| 650 | _xMedia Arts | ||
| 856 | _uhttp://redfame.com/journal/index.php/smc/issue/view/75 | ||
| 999 |
_c308790 _d308790 |
||